000 00390nam a22001457a 4500
005 20160303094151.0
008 160303b xxu||||| |||| 00| 0 eng d
040 _cPK-LaUMT
082 _aMMC 954.915
_bMIR-S
100 _aMir khuda bakhsh
245 _aSearchlights on Baloches and balochistan
_cMir khuda bakhsh
260 _aQuetta
_bNisa traders
_c1974
300 _a387 p.
942 _cBK
999 _c84048
_d84048